| 000 | 00718nam a22002057a 4500 | ||
|---|---|---|---|
| 999 |
_c478267 _d478267 |
||
| 003 | NUST | ||
| 005 | 20180503045732.0 | ||
| 008 | 180503b ||||| |||| 00| 0 eng d | ||
| 040 | _c0 | ||
| 082 | _a628 ANO | ||
| 100 |
_aAnousha Rizvi, Omer Siddiq, M.Shehroze Sultan _910274 |
||
| 245 |
_aDesign of a Sustainable Porous Substrate Bioreactor for Producing Biodiesel From Microalgae Biomass _cAnousha Rizvi, Omer Siddiq, M.Shehroze Sultan |
||
| 260 |
_aIslamabad _bIESE (SCEE) NUST _c2017 |
||
| 300 | _a35p. | ||
| 440 |
_aUG Environmental Engineering _91834 |
||
| 500 | _aThesis UG EE | ||
| 650 |
_aEnvironmental Engineering _91550 |
||
| 700 |
_aEngr. Rashid Iftikhar (Supervisor) _910275 |
||
| 942 |
_2ddc _cTHE _kIESE |
||